Largest Art: A Measured Manifesto For A Plural Urbanism (Record no. 364904)

MARC details
000 -LEADER
fixed length control field 00388 a2200145 4500
005 - DATE AND TIME OF LATEST TRANSACTION
control field 20250129122659.0
008 - FIXED-LENGTH DATA ELEMENTS--GENERAL INFORMATION
fixed length control field 250128b |||||||| |||| 00| 0 eng d
020 ## - INTERNATIONAL STANDARD BOOK NUMBER
International Standard Book Number 9780262036672
082 ## - DEWEY DECIMAL CLASSIFICATION NUMBER
Classification number 711.5/RYA
100 ## - MAIN ENTRY--PERSONAL NAME
Author Ryan B D
245 ## - TITLE STATEMENT
Title Largest Art: A Measured Manifesto For A Plural Urbanism
260 ## - PUBLICATION, DISTRIBUTION, ETC.
Name of publisher, distributor, etc. The MIT Press
Date of publication, distribution, etc. 2017
Place of publication, distribution, etc. Canada
300 ## - PHYSICAL DESCRIPTION
Extent 364p
Other physical details HB
942 ## - ADDED ENTRY ELEMENTS (KOHA)
Koha item type Books
Holdings
Withdrawn status Lost status Source of classification or shelving scheme Damaged status Not for loan Collection code Home library Current library Date acquired Vendor Net Price Full call number Barcode Date last seen Actual Price Bill Date Koha item type
    Dewey Decimal Classification     Book of B Arch Dr. Bhanuben Nanavati College of Architecture Dr. Bhanuben Nanavati College of Architecture 28/01/2025 179 2483.54 711.5/RYA BNCA-BK-13028 28/01/2025 3942.12 31/12/2024 Reference book